|
|
|
|
| LEADER |
00000nam2a2200000 4500 |
| 001 |
42154 |
| 005 |
20231031015106.0 |
| 010 |
|
|
|a 3425059025
|
| 035 |
|
|
|a (RuTPU)RU\TPU\book\43353
|
| 090 |
|
|
|a 42154
|
| 100 |
|
|
|a 20020805d1990 m y0gery50 ba
|
| 101 |
0 |
|
|a ger
|
| 102 |
|
|
|a DE
|
| 105 |
|
|
|a a j 000zy
|
| 200 |
0 |
|
|a Neufassung 2
|
| 210 |
|
|
|d 1990
|
| 215 |
|
|
|a 216 s.
|c il.
|
| 461 |
|
1 |
|0 (RuTPU)RU\TPU\book\43351
|t Sprachkurs Deutsch
|o Unterrichtswerk fur Erwachsene
|v Neufassung 2
|d 1989-1991
|
| 610 |
1 |
|
|a немецкий язык
|
| 610 |
1 |
|
|a учебные пособия
|
| 610 |
1 |
|
|a разговорный язык
|
| 686 |
|
|
|a Ш143.24-923.4
|v LBC/SL-A
|2 rubbk
|
| 686 |
|
|
|a Ш143.24-923
|v LBC/SL-A
|2 rubbk
|
| 801 |
|
1 |
|a RU
|b 63413507
|c 20020805
|g PSBO
|
| 801 |
|
2 |
|a RU
|b 63413507
|c 20120528
|g PSBO
|
| 942 |
|
|
|c BK
|